[Event "C.to Provinciale BI-VC"]
[Site "Biella ITA"]
[Date "2015.03.07"]
[Round "3"]
[White "Lavino, Stefano"]
[Black "Gnata, Ilaria"]
[WhiteElo "1633"]
[BlackElo "1268"]
[Result "1-0"]
[PlyCount "99"]
[EventDate "2015.03.06"]

1. d4 d5 2. Nf3 c6 3. g3 Nf6 4. Bg2 e6 5. O-O Nbd7 6. c4 Bd6 7. Nc3 a6 8. a4
O-O 9. Bg5 h6 10. Bxf6 Nxf6 11. Qc2 Re8 12. Rfd1 Bc7 13. Nd2 b6 14. e4 Bb7 15.
cxd5 cxd5 16. Rac1 Rc8 17. Qb3 Kf8 18. e5 Nd7 19. f4 g6 20. Nf3 Kg7 21. Bf1 f6
22. exf6+ Nxf6 23. Ne5 Bxe5 24. fxe5 Ng4 25. Ne2 Rxc1 26. Rxc1 h5 27. Nf4 Kh7
28. Qc2 Rg8 29. Nxe6 Qd7 30. Qc7 Qxc7 31. Rxc7+ Kh6 32. Rxb7 Ne3 33. Bxa6 Rc8
34. Rh7+ Kxh7 35. Bxc8 Nc4 36. b4 Kg8 37. Nf4 Kf7 38. Be6+ Kg7 39. Bxd5 Ne3 40.
Kf2 Nf5 41. a5 bxa5 42. bxa5 Nxd4 43. Ne6+ Nxe6 44. Bxe6 Kf8 45. a6 Ke7 46. a7
Kxe6 47. a8=Q Kxe5 48. Ke3 Kf5 49. Qe4+ Kg5 50. Qf4# 1-0

[Event "C.to Provinciale BI-VC"]
[Site "Biella ITA"]
[Date "2015.03.07"]
[Round "3"]
[White "Loggia, Davide"]
[Black "Sunder, Giulio"]
[WhiteElo "1446"]
[BlackElo "1473"]
[Result "0-1"]
[PlyCount "64"]
[EventDate "2015.03.06"]

1. c4 Nf6 2. Nf3 e6 3. g3 d5 4. Bg2 Be7 5. O-O O-O 6. d3 c6 7. a3 Nbd7 8. Nc3
e5 9. e3 d4 10. exd4 exd4 11. Ne2 c5 12. Rb1 Rb8 13. b4 Qb6 14. Bf4 Bd6 15.
bxc5 Qxc5 16. Bxd6 Qxd6 17. Qa4 Nc5 18. Qb4 b6 19. Rfd1 Bg4 20. Nexd4 Rfd8 21.
Nb5 Qd7 22. Ne5 Qf5 23. Nxg4 Nxg4 24. Qd2 Rxd3 25. Qc2 Rxd1+ 26. Qxd1 Qxf2+ 27.
Kh1 Qf5 28. Kg1 Nd3 29. Qe2 Qc5+ 30. Kf1 Ne3+ 31. Kg1 Ng4+ 32. Kf1 Nxh2# 0-1

[Event "C.to Provinciale BI-VC"]
[Site "Biella ITA"]
[Date "2015.03.07"]
[Round "3"]
[White "Migliorini, Matteo"]
[Black "Ubezio, Marco"]
[WhiteElo "2108"]
[BlackElo "2085"]
[Result "1/2-1/2"]
[PlyCount "147"]
[EventDate "2015.03.06"]

1. e4 e5 2. Nf3 Nc6 3. Bb5 Bc5 4. c3 Nf6 5. O-O O-O 6. d4 Bb6 7. Bg5 h6 8. Bh4
d6 9. Qd3 Bd7 10. Nbd2 a6 11. Bxc6 Bxc6 12. Rfe1 Re8 13. a4 Ba7 14. b4 b5 15.
axb5 axb5 16. Ra2 Bb6 17. Rxa8 Bxa8 18. Qxb5 g5 19. Bg3 exd4 20. Nxd4 Bxd4 21.
cxd4 Bxe4 22. Nxe4 Rxe4 23. Rxe4 Nxe4 24. Qf5 Qa8 25. h4 Qa1+ 26. Kh2 Qxd4 27.
hxg5 hxg5 28. Qc8+ Kg7 29. Qxc7 Nxg3 30. fxg3 Qxb4 31. Qe7 Qc5 32. Qd7 Qe5 33.
Qc7 Kg6 34. Qb8 Qf6 35. Qa8 Kg7 36. Qc6 Qh6+ 37. Kg1 Qe6 38. Kh2 d5 39. Qc5 Qe4
40. Qc1 Qe5 41. Qc5 Qe4 42. Qc1 Kg6 43. Qc6+ f6 44. Qc8 Qd4 45. Qg8+ Kf5 46.
Qh7+ Ke6 47. Qg8+ Ke5 48. Qe8+ Kf5 49. Qe7 Qe5 50. Qh7+ Ke6 51. Qg8+ Ke7 52.
Qh7+ Kd6 53. Qa7 d4 54. Qb6+ Kd5 55. Qb5+ Ke6 56. Qa6+ Qd6 57. Qc4+ Qd5 58.
Qc8+ Kf7 59. Qh8 Qf5 60. Qh5+ Kg7 61. Qe2 Qe5 62. Qa6 Qe4 63. Qa7+ Kh6 64. Qf7
Qg6 65. Qf8+ Kh7 66. Qe7+ Qg7 67. Qe4+ f5 68. Qxf5+ Kh8 69. Kg1 Qe7 70. Kf1 Qe3
71. Qf8+ Kh7 72. Qf7+ Kh6 73. Qf6+ Kh5 74. Qf3+ 1/2-1/2

[Event "C.to Provinciale BI-VC"]
[Site "Biella ITA"]
[Date "2015.03.07"]
[Round "3"]
[White "Moratto, Davide"]
[Black "Della Peruta, Lorenzo"]
[WhiteElo "1728"]
[BlackElo "1523"]
[Result "0-1"]
[PlyCount "92"]
[EventDate "2015.03.06"]

1. e4 e5 2. Nf3 Nc6 3. Bb5 Bc5 4. d3 Nf6 5. O-O d6 6. Nc3 O-O 7. Bg5 Be6 8. Nd5
Bxd5 9. exd5 Nd4 10. Nxd4 Bxd4 11. c3 Bb6 12. a4 a6 13. Bc4 Re8 14. a5 Ba7 15.
b4 h6 16. Be3 Qd7 17. h3 e4 18. d4 c6 19. dxc6 Qxc6 20. Qb3 d5 21. Be2 Rac8 22.
Rfc1 Qd6 23. b5 Bb8 24. g3 Qe6 25. Kg2 Red8 26. Rab1 Bc7 27. b6 Bd6 28. c4 Be7
29. c5 Qc6 30. Qb4 Nd7 31. Bf4 Bg5 32. Bxg5 hxg5 33. Bd1 Nb8 34. Bg4 Nd7 35.
Rc3 g6 36. Bd1 Nb8 37. f3 Qe6 38. Re3 exf3+ 39. Bxf3 Qxe3 40. Re1 Qd3 41. Re5
Nc6 42. Qe1 Nxe5 43. Qxe5 Qf5 44. Qe2 Re8 45. Qd2 Qe6 46. Qa2 Rcd8 0-1

[Event "C.to Provinciale BI-VC"]
[Site "Biella ITA"]
[Date "2015.03.07"]
[Round "3"]
[White "Palma, Maria"]
[Black "Tibaldeschi, Attilio"]
[WhiteElo "1791"]
[BlackElo "1633"]
[Result "1-0"]
[PlyCount "105"]
[EventDate "2015.03.06"]

1. Nf3 g6 2. c4 Bg7 3. d4 d6 4. g3 Nf6 5. Bg2 c6 6. Nc3 O-O 7. O-O Nbd7 8. Qc2
Nb6 9. b3 a5 10. a4 Nbd7 11. Ba3 b6 12. e4 Nb8 13. Rad1 Na6 14. e5 Bf5 15. Qe2
Ne8 16. Ng5 Qc8 17. e6 Bxe6 18. Nxe6 fxe6 19. f4 Nb4 20. Bxb4 axb4 21. Na2 Ra7
22. Nxb4 c5 23. Nc6 Rc7 24. d5 Rxc6 25. dxc6 Nc7 26. Bh3 Bd4+ 27. Kh1 Rf6 28.
Qd2 Na6 29. a5 Qxc6+ 30. Bg2 Qc7 31. axb6 Qxb6 32. Qa2 Kg7 33. Qa4 Nc7 34. Rd2
d5 35. Qd7 Kf7 36. cxd5 Nxd5 37. Bxd5 exd5 38. Qxd5+ Qe6 39. Qxe6+ Rxe6 40. Ra2
Re3 41. Rb1 Bc3 42. Kg2 Re1 43. Rxe1 Bxe1 44. Kf3 h6 45. Ke4 Kf6 46. Kd5 Bb4
47. Ra6+ Kf7 48. Rc6 h5 49. Rxc5 e6+ 50. Kc4 Bxc5 51. Kxc5 Ke7 52. Kc6 Ke8 53.
b4 1-0

[Event "C.to Provinciale BI-VC"]
[Site "Biella ITA"]
[Date "2015.03.07"]
[Round "3"]
[White "Pedoni, Lorenzo"]
[Black "Rocchi, Enrico"]
[WhiteElo "1839"]
[BlackElo "1881"]
[Result "1-0"]
[PlyCount "53"]
[EventDate "2015.03.06"]

1. c4 Nf6 2. Nc3 d5 3. cxd5 Nxd5 4. g3 g6 5. Bg2 Nxc3 6. bxc3 Bg7 7. Nf3 O-O 8.
O-O c5 9. Rb1 Qc7 10. d4 Re8 11. Bf4 Qa5 12. Qc2 cxd4 13. cxd4 Nc6 14. e3 e6
15. Ng5 h6 16. Bxc6 hxg5 17. Bxb7 gxf4 18. Bxa8 Ba6 19. Rfc1 Rxa8 20. gxf4 Rc8
21. Qb3 Rxc1+ 22. Rxc1 Qf5 23. f3 g5 24. Rc6 Bd3 25. Rc8+ Kh7 26. Rc5 Qg6 27.
Rxg5 1-0

[Event "C.to Provinciale BI-VC"]
[Site "Biella ITA"]
[Date "2015.03.07"]
[Round "3"]
[White "Prato, Stefano"]
[Black "Sidoti, Gaetano"]
[WhiteElo "1419"]
[BlackElo "1335"]
[Result "0-1"]
[PlyCount "74"]
[EventDate "2015.03.06"]

1. d4 d5 2. c4 e5 3. e3 exd4 4. exd4 Nf6 5. Nc3 Bb4 6. Bg5 Bxc3+ 7. bxc3 c6 8.
Qa4 Be6 9. Bd3 dxc4 10. Bc2 b5 11. Qb4 Na6 12. Qb1 Qd5 13. Bxf6 gxf6 14. Ne2
Qxg2 15. Rg1 Qxh2 16. a4 Nc7 17. Be4 Qd6 18. f4 Bd5 19. f5 Bxe4 20. Qxe4+ Kd7
21. Rg7 Qe7 22. Ng3 Qxe4+ 23. Nxe4 Rae8 24. Rg4 h5 25. Rh4 Nd5 26. Kf2 Reg8 27.
Nc5+ Kc7 28. a5 Rg5 29. Na6+ Kd6 30. Kf3 Rxf5+ 31. Ke4 Rg5 32. Nc5 Rg4+ 33.
Rxg4 hxg4 34. Rg1 Rh5 35. Nb7+ Kc7 36. a6 Nxc3+ 37. Kf4 Ne2+ 0-1

[Event "C.to Provinciale BI-VC"]
[Site "Biella ITA"]
[Date "2015.03.07"]
[Round "3"]
[White "Siclari, Giovanni"]
[Black "Bardone, Lorenzo"]
[WhiteElo "2075"]
[BlackElo "2170"]
[Result "1/2-1/2"]
[PlyCount "97"]
[EventDate "2015.03.06"]

1. Nf3 c5 2. c4 Nc6 3. d4 cxd4 4. Nxd4 e5 5. Nc2 Bc5 6. Nc3 Nf6 7. g3 d6 8. Bg2
O-O 9. O-O h6 10. b3 a5 11. Na4 Qe7 12. Be3 Bf5 13. Bxc5 dxc5 14. Ne3 Be6 15.
Nb6 Rad8 16. Nbd5 Bxd5 17. Nxd5 Nxd5 18. cxd5 Nd4 19. e3 Nb5 20. Rc1 b6 21. Qe2
Nd6 22. e4 f5 23. exf5 Nxf5 24. Rce1 Rfe8 25. Qh5 Qf7 26. Qxf7+ Kxf7 27. f4
exf4 28. Rxe8 Kxe8 29. Re1+ Kf7 30. gxf4 Re8 31. Re5 Nd4 32. Kf2 Rd8 33. h4 Rd6
34. Be4 Nb5 35. h5 Nd4 36. Bg6+ Kf6 37. Ke3 Rd8 38. a3 Rd7 39. b4 axb4 40. axb4
Ra7 41. bxc5 bxc5 42. d6 Rd7 43. Rxc5 Rxd6 44. Rc7 Nf5+ 45. Kf2 Ne7 46. f5 Nxg6
47. fxg6 Kg5 48. Rxg7 Kxh5 49. Rg8 1/2-1/2

[Event "C.to Provinciale BI-VC"]
[Site "Biella ITA"]
[Date "2015.03.07"]
[Round "3"]
[White "Stefanini, Niccolo'"]
[Black "Rossi, Emanuele"]
[WhiteElo "1518"]
[BlackElo "1634"]
[Result "0-1"]
[PlyCount "74"]
[EventDate "2015.03.06"]

1. e4 c5 2. Nf3 Nc6 3. Bb5 Nf6 4. e5 Nd5 5. Nc3 e6 6. Nxd5 exd5 7. d4 Qa5+ 8.
c3 Qxb5 9. a4 Qa6 10. dxc5 Bxc5 11. b4 Bxb4 12. cxb4 Nxb4 13. Ra3 O-O 14. Nd4
Qc4 15. Bb2 d6 16. Rc3 Qa2 17. Rb3 a5 18. exd6 Re8+ 19. Kd2 Bd7 20. Qf3 Re4 21.
Ne2 Rae8 22. Nc1 Rd4+ 23. Kc3 Rc4+ 24. Kd2 Rc2+ 25. Kd1 Qxa4 26. Re1 Re4 27.
Rxe4 dxe4 28. Qxe4 Rxb2 29. Qc4 Rxb3 30. Nxb3 b5 31. Qc7 Qxb3+ 32. Ke1 Qe6+ 33.
Kd2 Nc6 34. Kc3 h6 35. h3 Qe5+ 36. Kb3 Be6+ 37. Ka3 Qc3# 0-1

[Event "C.to Provinciale BI-VC"]
[Site "Biella ITA"]
[Date "2015.03.08"]
[Round "4"]
[White "Bardone, Lorenzo"]
[Black "Migliorini, Matteo"]
[WhiteElo "2170"]
[BlackElo "2108"]
[Result "1-0"]
[PlyCount "71"]
[EventDate "2015.03.06"]

1. e4 c5 2. Nf3 Nc6 3. Bb5 g6 4. Bxc6 bxc6 5. O-O Bg7 6. d3 Rb8 7. e5 Nh6 8.
Nbd2 O-O 9. Nc4 Ba6 10. b3 d5 11. exd6 exd6 12. Bb2 Bxb2 13. Nxb2 d5 14. c4 Nf5
15. Na4 Qd6 16. Qd2 Rb4 17. Rac1 Rd8 18. cxd5 Qxd5 19. Nxc5 Rg4 20. Ne1 Re8 21.
f3 Rh4 22. Nxa6 Nd4 23. Rf2 Qe5 24. g3 Rh3 25. f4 Qh5 26. Rc5 Qg4 27. Re5 Rxe5
28. fxe5 Nf5 29. Qf4 Qd1 30. Qd2 Qg4 31. Rf4 Qg5 32. Nf3 Rxg3+ 33. hxg3 Qxg3+
34. Kf1 Qh3+ 35. Ke1 Qh1+ 36. Kf2 1-0

[Event "C.to Provinciale BI-VC"]
[Site "Biella ITA"]
[Date "2015.03.08"]
[Round "4"]
[White "Cognata, Domenico"]
[Black "Roma, Riccardo"]
[WhiteElo "1470"]
[BlackElo "1338"]
[Result "0-1"]
[PlyCount "82"]
[EventDate "2015.03.06"]

1. d4 d5 2. Nc3 Nf6 3. h3 e6 4. Nf3 c5 5. e3 Nc6 6. Bb5 Be7 7. Ne5 Qc7 8. Ba4
O-O 9. Bxc6 bxc6 10. b3 cxd4 11. exd4 c5 12. Be3 cxd4 13. Bxd4 Bb4 14. Qf3 Ne4
15. O-O Bxc3 16. Bxc3 Qxc3 17. Qxc3 Nxc3 18. a4 Ba6 19. Rfe1 Be2 20. f3 Rfc8
21. Kf2 h6 22. Rxe2 Nxe2 23. Kxe2 Rxc2+ 24. Kf1 Rac8 25. b4 Rc1+ 26. Rxc1 Rxc1+
27. Kf2 Rb1 28. Nd3 Kf8 29. h4 a6 30. Ke3 Ke7 31. g3 Rb3 32. Kd4 Kd6 33. g4 e5+
34. Ke3 g5 35. hxg5 hxg5 36. Kd2 Rb1 37. Ke3 f6 38. Ke2 e4 39. fxe4 dxe4 40.
Nc5 Rxb4 41. Nxa6 Rxa4 0-1

[Event "C.to Provinciale BI-VC"]
[Site "Biella ITA"]
[Date "2015.03.08"]
[Round "4"]
[White "Della Peruta, Lorenzo"]
[Black "Borghi, Dario"]
[WhiteElo "1523"]
[BlackElo "1819"]
[Result "0-1"]
[PlyCount "72"]
[EventDate "2015.03.06"]

1. e4 e5 2. Nf3 Nc6 3. Bc4 Bc5 4. Nc3 Nf6 5. d3 h6 6. Be3 Bb6 7. Qd2 d6 8. h3
Be6 9. Bb3 Nd4 10. Bxd4 exd4 11. Ne2 c5 12. O-O O-O 13. Nf4 Qe8 14. Rfe1 Bc7
15. Re2 a5 16. Rae1 Nd7 17. Bd5 Rb8 18. a4 Nb6 19. b3 Qd7 20. Nxe6 fxe6 21. Bc4
Nxc4 22. dxc4 e5 23. c3 b6 24. cxd4 cxd4 25. Qd3 Bd8 26. Rb1 Be7 27. Reb2 Rbc8
28. Nd2 Bg5 29. Nf3 Bf4 30. g3 Qxh3 31. gxf4 Rxf4 32. Nxe5 Rg4+ 33. Nxg4 Qxd3
34. e5 Qg6 35. f3 h5 36. Rg2 Qxb1+ 0-1

[Event "C.to Provinciale BI-VC"]
[Site "Biella ITA"]
[Date "2015.03.08"]
[Round "4"]
[White "Gnata, Ilaria"]
[Black "Moratto, Davide"]
[WhiteElo "1268"]
[BlackElo "1728"]
[Result "1/2-1/2"]
[PlyCount "81"]
[EventDate "2015.03.06"]

1. e4 b6 2. Nf3 Bb7 3. Nc3 e6 4. g3 Bb4 5. d3 Ne7 6. Bd2 d5 7. exd5 Nxd5 8.
Nxd5 Bxd2+ 9. Qxd2 Qxd5 10. Be2 Nd7 11. Rg1 Ne5 12. Nxe5 Qxe5 13. O-O-O O-O 14.
Rde1 Qf6 15. f4 Rfd8 16. g4 c5 17. c3 b5 18. g5 Qe7 19. h4 a5 20. Qe3 Qd7 21.
Qxc5 Rac8 22. Qe3 a4 23. h5 g6 24. h6 Qd5 25. Qe5 Qxe5 26. fxe5 Rd4 27. Kb1 Rf4
28. d4 Be4+ 29. Ka1 Rb8 30. Rg4 Rxg4 31. Bxg4 Bd5 32. a3 Kf8 33. Rb1 Ke7 34.
Bd1 Bb3 35. Bxb3 axb3 36. Rf1 Rc8 37. Kb1 Rc4 38. Rf4 Rc6 39. Kc1 Rc4 40. Kd2
Ke8 41. Kd3 1/2-1/2

[Event "C.to Provinciale BI-VC"]
[Site "Biella ITA"]
[Date "2015.03.08"]
[Round "4"]
[White "Isoardi, Dario"]
[Black "Bozio, Stefano"]
[WhiteElo "1362"]
[BlackElo "1573"]
[Result "0-1"]
[PlyCount "108"]
[EventDate "2015.03.06"]

1. d4 Nf6 2. Nf3 g6 3. c3 Bg7 4. Nbd2 O-O 5. e4 d6 6. Bd3 Nbd7 7. O-O e5 8. d5
Nc5 9. Nb3 Ncxe4 10. Bxe4 Nxe4 11. Re1 Nf6 12. Bg5 Bf5 13. h3 c6 14. dxc6 bxc6
15. Nh4 Be6 16. Qe2 Qb6 17. Qc2 Rab8 18. Nd2 Qxb2 19. Qxb2 Rxb2 20. Red1 Rfb8
21. a3 Rc2 22. Ndf3 Ne4 23. Be3 Nxc3 24. Rd3 Nd5 25. Bxa7 Rb7 26. Be3 Nxe3 27.
fxe3 d5 28. Ng5 Bf6 29. Nxe6 Bxh4 30. Nd8 Rd7 31. Nxc6 Rxc6 32. e4 d4 33. g3
Be7 34. a4 Rdc7 35. Rdd1 Rd7 36. a5 Ra6 37. g4 d3 38. h4 d2 39. h5 Bg5 40. Ra4
Rd3 41. Kf1 Rc3 42. Ke2 Rc1 43. h6 Rxd1 44. Kxd1 Bxh6 45. Ke2 Rd6 46. Kd1 Rc6
47. Ra2 Rc1+ 48. Ke2 d1=Q+ 49. Kf2 Qf1+ 50. Kg3 Qf4+ 51. Kh3 Rg1 52. Rg2 Qf1
53. Kg3 Qxg2+ 54. Kh4 Rh1# 0-1

[Event "C.to Provinciale BI-VC"]
[Site "Biella ITA"]
[Date "2015.03.08"]
[Round "4"]
[White "Ricciardi, Arcangelo"]
[Black "Pedoni, Lorenzo"]
[WhiteElo "1745"]
[BlackElo "1839"]
[Result "0-1"]
[PlyCount "126"]
[EventDate "2015.03.06"]

1. e4 c5 2. Nf3 Nc6 3. Nc3 Nf6 4. d4 cxd4 5. Nxd4 e5 6. Nf3 Bb4 7. Bg5 Qa5 8.
Bd2 Qd8 9. Bd3 d5 10. exd5 Nxd5 11. Nxd5 Qxd5 12. Bxb4 Nxb4 13. Qe2 Nxd3+ 14.
cxd3 O-O 15. O-O Bg4 16. Qe4 Bxf3 17. gxf3 Rfd8 18. Rfd1 Qb5 19. a4 Qxb2 20.
Rab1 Qd4 21. Qxb7 Qxa4 22. Rdc1 Qd7 23. Rc7 Qxd3 24. Rbc1 h6 25. R1c6 Rdb8 26.
Qa6 Qxf3 27. Qa2 Rd8 28. Rc1 a5 29. R7c5 Qg4+ 30. Kf1 Qf4 31. R5c4 Qxh2 32. Ke2
Qh3 33. R4c3 Qg4+ 34. Rf3 Ra7 35. Ke3 Qg5+ 36. Ke2 Qxc1 37. Re3 Rad7 38. Kf3
Rd3 39. Qxa5 Qc6+ 40. Ke2 Rd2+ 41. Qxd2 Rxd2+ 42. Kxd2 h5 43. Ke2 h4 44. Rh3
Qc4+ 45. Kf3 g5 46. Kg2 Kg7 47. Rh2 Kh6 48. Kg1 Kh5 49. Kg2 g4 50. Rh1 h3+ 51.
Kh2 Qf4+ 52. Kg1 Qe4 53. f3 Qe3+ 54. Kf1 Qxf3+ 55. Ke1 Qxh1+ 56. Kf2 Qg2+ 57.
Ke3 h2 58. Kd3 h1=R 59. Kc3 Rc1+ 60. Kd3 Qd5+ 61. Ke2 Qf3+ 62. Kd2 Rg1 63. Kc2
Rg2+ 0-1

[Event "C.to Provinciale BI-VC"]
[Site "Biella ITA"]
[Date "2015.03.08"]
[Round "4"]
[White "Rocchi, Enrico"]
[Black "Isoardi, Luigi"]
[WhiteElo "1881"]
[BlackElo "1771"]
[Result "1-0"]
[PlyCount "57"]
[EventDate "2015.03.06"]

1. e4 c5 2. Nf3 e6 3. d4 cxd4 4. Nxd4 Nc6 5. Nc3 Bb4 6. Nxc6 bxc6 7. Qd4 Qa5 8.
Qxg7 Bxc3+ 9. bxc3 f6 10. Bd2 Bb7 11. Qxh8 O-O-O 12. Qxh7 f5 13. Qh4 fxe4 14.
Qxe4 Nf6 15. Qb4 Qe5+ 16. Be2 Nd5 17. Qd4 Qb8 18. Rb1 e5 19. Qa4 Nb6 20. Qa3
Rg8 21. c4 d6 22. c5 dxc5 23. Qxc5 Qc7 24. Rb3 Nd7 25. Qa5 Qd6 26. Qxa7 Nc5 27.
Bb4 Qd4 28. Bxc5 Qa1+ 29. Bd1 1-0

[Event "C.to Provinciale BI-VC"]
[Site "Biella ITA"]
[Date "2015.03.08"]
[Round "4"]
[White "Rossi, Emanuele"]
[Black "Lavino, Stefano"]
[WhiteElo "1634"]
[BlackElo "1633"]
[Result "1/2-1/2"]
[PlyCount "123"]
[EventDate "2015.03.06"]

1. e4 d5 2. exd5 Qxd5 3. Nc3 Qa5 4. Be2 Nf6 5. Nf3 c6 6. O-O Bf5 7. d3 e6 8.
Nd4 Bg6 9. Bf3 Bb4 10. Nce2 O-O 11. Nb3 Qc7 12. Bf4 Bd6 13. Bg3 Nbd7 14. Nd2
Ne5 15. Nf4 Rad8 16. Qe2 Rd7 17. Ne4 Nxf3+ 18. Qxf3 Nxe4 19. dxe4 Rfd8 20. Nd3
Qa5 21. Bxd6 Rxd6 22. b4 Qc7 23. Qf4 Qe7 24. Rfe1 Rd4 25. a3 Qd6 26. Qxd6 R8xd6
27. Nc5 b6 28. c3 Rc4 29. Nb7 Rd7 30. Red1 Rxd1+ 31. Rxd1 h6 32. f3 Rxc3 33.
Ra1 Rd3 34. e5 f6 35. f4 fxe5 36. fxe5 Rd5 37. Re1 c5 38. bxc5 bxc5 39. Nd6 Kf8
40. a4 a5 41. Nc4 Rd4 42. Nxa5 Rxa4 43. Nb7 Rc4 44. Nd6 Rc2 45. h3 c4 46. g4 c3
47. h4 h5 48. gxh5 Bxh5 49. Ne4 Ke7 50. Ra1 Kf7 51. Ng5+ Kg6 52. Nxe6 Rd2 53.
Nf4+ Kh6 54. Ra6+ g6 55. e6 c2 56. Rc6 Rd1+ 57. Kf2 c1=Q 58. Rxc1 Rxc1 59. e7
g5 60. hxg5+ Kxg5 61. Nxh5 Rc8 62. Ng7 1/2-1/2

[Event "C.to Provinciale BI-VC"]
[Site "Biella ITA"]
[Date "2015.03.08"]
[Round "4"]
[White "Sunder, Giulio"]
[Black "Palma, Maria"]
[WhiteElo "1473"]
[BlackElo "1791"]
[Result "0-1"]
[PlyCount "34"]
[EventDate "2015.03.06"]

1. d4 Nf6 2. c4 e6 3. Nf3 d5 4. Nc3 c6 5. Bg5 Nbd7 6. e3 Qa5 7. Bd3 Ne4 8. Bxe4
dxe4 9. Nd2 Qxg5 10. O-O f5 11. d5 Ne5 12. dxc6 bxc6 13. Qb3 Be7 14. Rad1 O-O
15. Ne2 Rd8 16. Nf4 Rxd2 17. Rxd2 Nf3+ 0-1

[Event "C.to Provinciale BI-VC"]
[Site "Biella ITA"]
[Date "2015.03.08"]
[Round "4"]
[White "Tibaldeschi, Attilio"]
[Black "Stefanini, Niccolo'"]
[WhiteElo "1633"]
[BlackElo "1518"]
[Result "0-1"]
[PlyCount "84"]
[EventDate "2015.03.06"]

1. Nf3 Nf6 2. b3 d5 3. Bb2 e6 4. e3 c5 5. d4 Nc6 6. Be2 b6 7. O-O Bb7 8. c4
cxd4 9. Nxd4 dxc4 10. Bxc4 a6 11. Nd2 Bd6 12. Rc1 Ne5 13. Be2 O-O 14. N2f3 Ng6
15. a3 Ne7 16. b4 b5 17. Nb3 Rc8 18. Na5 Ba8 19. Ne5 Bc7 20. Ng4 Nxg4 21. Bxg4
Bxa5 22. Rxc8 Nxc8 23. bxa5 Qd5 24. Qxd5 Bxd5 25. Rd1 Nd6 26. f3 Nc4 27. Bd4
Nxa3 28. Bc5 Nc4 29. e4 Rd8 30. Bb6 Rb8 31. exd5 exd5 32. Rxd5 Nxb6 33. axb6 g6
34. Rd6 b4 35. f4 b3 36. Bd1 b2 37. Bc2 a5 38. Bb1 Kg7 39. Ba2 Rc8 40. Bb1 Rc1+
41. Kf2 Rxb1 42. Kg3 Re1 0-1

[Event "C.to Provinciale BI-VC"]
[Site "Biella ITA"]
[Date "2015.03.08"]
[Round "4"]
[White "Ubezio, Marco"]
[Black "Siclari, Giovanni"]
[WhiteElo "2085"]
[BlackElo "2075"]
[Result "1-0"]
[PlyCount "59"]
[EventDate "2015.03.06"]

1. d4 Nf6 2. Bg5 d5 3. e3 c5 4. c3 Nc6 5. Nd2 Qb6 6. Qb3 Bf5 7. dxc5 Qxc5 8.
Ngf3 e5 9. Qb5 Qxb5 10. Bxb5 Nd7 11. Nh4 Be6 12. e4 dxe4 13. Nxe4 f5 14. Nd2
Kf7 15. Be2 g6 16. Bc4 Bxc4 17. Nxc4 b5 18. O-O-O Ke6 19. Ne3 Nb6 20. Rhe1 Bc5
21. b4 Nxb4 22. cxb4 Bxb4 23. Re2 h6 24. Bf4 Ba3+ 25. Kb1 Na4 26. Bxe5 Kxe5 27.
Ng4+ Kf4 28. Rd4+ Kg5 29. Nf3+ Kh5 30. Nf6# 1-0